000 00472nam a2200169 a 4500
003 0
005 20170302141018.0
008 060309s19uu xx 00 eng d
050 _aTR(GS 428.4
_bTo61 C8
245 _aTons of tomatoes, C8 /
_cillustrations sally Springer.
260 _aChicago, Ill :
_bWorld Book, Int'l,
_c1997.
300 _a12 p. ; ill.
440 _aWorld Book, Level C
650 _aReading
_xEnglish language
942 _2ddc
_cBK
999 _c105502
_d105502